DEDE KORKUT (ANTİK DÜNYA KLASİKLERİ) (Record no. 698659)

MARC details
000 -LEADER
sabit uzunluktaki kontrol alanı 00267nam a2200097Ia 4500
001 - KONTROL NUMARASI
kontrol alanı 698659
005 - EN SON İŞLEMİN TARİH VE ZAMANI
kontrol alanı 20250826162055.0
008 - SABİT-UZUNLUKTA VERİ ÖĞELERİ--GENEL BİLGİ
sabit uzunluktaki kontrol alanı 250824s9999 xx 000 0 und d
245 #0 - ESER / YAZAR
ESER ADI DEDE KORKUT (ANTİK DÜNYA KLASİKLERİ)
Yazar Adı ANONİM
260 ## - YAYIN, DAĞITIM, VB.
YAYIN EVİ ANTİK DÜNYA KLASİKLERİ
Holdings
Düşüm durumu Kayıp durumu Hasar Durumu Ödünç verilmez Ana kütüphane Geçerli Kütüphane Edinilen tarih Toplam ödünç verme sayısı Barkod Son görüntüleme tarihi Fiyatın geçerli olmaya başladığı tarih Koha materyal türü
        MAHMUD CELALEDDİN ÖKTEN A. İ. H. L. MAHMUD CELALEDDİN ÖKTEN A. İ. H. L. 24.08.2025   1021101 26.08.2025 26.08.2025 Books